000 00233nam a22000857a 4500
008 160704b xxu||||| |||| 00| 0 eng d
100 _92066
_a Devi, M
245 _aEtoa Munda Won the Battle
260 _aNew Delhi
_bNational Book Trust
_c1989
999 _c1763
_d1763